Statistics for ccTLDs of UN Member States

Click here to take the quiz!

General Stats

  • This quiz has been taken 51 times
  • The average score is 13 of 20

Answer Stats

ccTLDCountry% Correct
.afAfghanistan
100%
.azAzerbaijan
100%
.bsBahamas
100%
.bhBahrain
100%
.bdBangladesh
100%
.beBelgium
100%
.bzBelize
100%
.boBolivia
100%
.brBrazil
100%
.coColombia
100%
.hrCroatia
100%
.cyCyprus
100%
.dkDenmark
100%
.ecEcuador
100%
.gqEquatorial Guinea
100%
.erEritrea
100%
.eeEstonia
100%
.gaGabon
100%
.deGermany
100%
.ghGhana
100%
.grGreece
100%
.inIndia
100%
.iqIraq
100%
.ieIreland
100%
.itItaly
100%
.jmJamaica
100%
.jpJapan
100%
.joJordan
100%
.lvLatvia
100%
.lsLesotho
100%
.lrLiberia
100%
.mwMalawi
100%
.myMalaysia
100%
.mxMexico
100%
.mnMongolia
100%
.naNamibia
100%
.nlNetherlands
100%
.ngNigeria
100%
.noNorway
100%
.omOman
100%
.pyParaguay
100%
.phPhilippines
100%
.qaQatar
100%
.roRomania
100%
.ruRussia
100%
.knSaint Kitts and Nevis
100%
.saSaudi Arabia
100%
.soSomalia
100%
.esSpain
100%
.sdSudan
100%
.chSwitzerland
100%
.tnTunisia
100%
.trTurkey
100%
.uaUkraine
100%
.ukUnited Kingdom
100%
.uyUruguay
100%
.vuVanuatu
100%
.veVenezuela
100%
.vnVietnam
100%
.djDjibouti
67%
.dmDominica
67%
.thThailand
67%
.atAustria
50%
.bbBarbados
50%
.bjBenin
50%
.biBurundi
50%
.tdChad
50%
.egEgypt
50%
.fjFiji
50%
.gtGuatemala
50%
.laLaos
50%
.neNiger
50%
.skSlovakia
50%
.zaSouth Africa
50%
.sySyria
50%
.arArgentina
33%
.bnBrunei
33%
.cmCameroon
33%
.geGeorgia
33%
.snSenegal
33%
.alAlbania
0%
.dzAlgeria
0%
.adAndorra
0%
.aoAngola
0%
.agAntigua and Barbuda
0%
.amArmenia
0%
.auAustralia
0%
.byBelarus
0%
.btBhutan
0%
.baBosnia and Herzegovina
0%
.bwBotswana
0%
.bgBulgaria
0%
.bfBurkina Faso
0%
.khCambodia
0%
.caCanada
0%
.cvCape Verde
0%
.cfCentral African Republic
0%
.clChile
0%
.cnChina
0%
.kmComoros
0%
.crCosta Rica
0%
.cuCuba
0%
.czCzech Republic
0%
.cdDemocratic Republic of the Congo
0%
.doDominican Republic
0%
.tlEast Timor
0%
.svEl Salvador
0%
.szEswatini
0%
.etEthiopia
0%
.fmFederated States of Micronesia
0%
.fiFinland
0%
.frFrance
0%
.gmGambia
0%
.gdGrenada
0%
.gnGuinea
0%
.gwGuinea-Bissau
0%
.gyGuyana
0%
.htHaiti
0%
.hnHonduras
0%
.huHungary
0%
.isIceland
0%
.idIndonesia
0%
.irIran
0%
.ilIsrael
0%
.ciIvory Coast
0%
.kzKazakhstan
0%
.keKenya
0%
.kiKiribati
0%
.kwKuwait
0%
.kgKyrgyzstan
0%
.lbLebanon
0%
.lyLibya
0%
.liLiechtenstein
0%
.ltLithuania
0%
.luLuxembourg
0%
.mgMadagascar
0%
.mvMaldives
0%
.mlMali
0%
.mtMalta
0%
.mhMarshall Islands
0%
.mrMauritania
0%
.muMauritius
0%
.mdMoldova
0%
.mcMonaco
0%
.meMontenegro
0%
.maMorocco
0%
.mzMozambique
0%
.mmMyanmar
0%
.nrNauru
0%
.npNepal
0%
.nzNew Zealand
0%
.niNicaragua
0%
.kpNorth Korea
0%
.mkNorth Macedonia
0%
.pkPakistan
0%
.pwPalau
0%
.paPanama
0%
.pgPapua New Guinea
0%
.pePeru
0%
.plPoland
0%
.ptPortugal
0%
.cgRepublic of the Congo
0%
.rwRwanda
0%
.lcSaint Lucia
0%
.vnSaint Vincent and the Grenadines
0%
.wsSamoa
0%
.smSan Marino
0%
.stSão Tomé and Príncipe
0%
.rsSerbia
0%
.scSeychelles
0%
.slSierra Leone
0%
.sgSingapore
0%
.siSlovenia
0%
.sbSolomon Islands
0%
.krSouth Korea
0%
.ssSouth Sudan
0%
.lkSri Lanka
0%
.srSuriname
0%
.seSweden
0%
.tjTajikistan
0%
.tzTanzania
0%
.tgTogo
0%
.toTonga
0%
.ttTrinidad and Tobago
0%
.tmTurkmenistan
0%
.tvTuvalu
0%
.ugUganda
0%
.aeUnited Arab Emirates
0%
.usUnited States
0%
.uzUzbekistan
0%
.yeYemen
0%
.zmZambia
0%
.zwZimbabwe
0%

Score Distribution

Percentile by Number Answered

Percent of People with Each Score

Your Score History

You have not taken this quiz